000 00552nam 22001933 4500
001 200420
090 _a200420
100 _a20260205d u||y0pory50 ba
200 _aHistória da cirurgia
_fClaude D'Allaines
_gtradução Maria Oliveira
210 _aPorto
_cRés Editora
_d[19--?]
215 _a155, [4] p.
_cil. ; encadernado
_d20 cm
225 _aCultura Geral
606 _9927
_aMedicina
675 _a61
_vPT
_zpor
700 _916221
_aAllaines
_bClaude D'
702 _910472
_aOliveira
_bMaria
801 _aPT
_bBMMN
_gRPC
830 _cAna
_fAna
990 _cLIVROS